000 00995nam a22002057a 4500
003 BUBTL
008 200910b xxu||||| |||| 00| 0 eng d
020 _a978-984-8941-09-6
082 _a657.042/GHA
100 _aGhosh, Santi Narayan
_93442
245 _aAdvanced Accounting
_bSanti Narayan Ghosh, Swapan Kumar Bala and Asis Kumar Datta and Nripendra Nath Bhadra and Nipul Kanti Bala and Narayan Chandra Nath and Matiul Haque Chowdhury and M.M. Mostafa Jamal Chowdhury Nipul Kanti Bala
250 _a2nd
260 _aDhaka
_bNadi Publications
_cc2015
300 _a[xvi] , 7-164p . :
_bill . ; 23cm.
650 _aAccounting
_93443
700 _aSanti Narayan Ghosh, Swapan Kumar Bala and Asis Kumar Datta and Nripendra Nath Bhadra and Nipul Kanti Bala and Narayan Chandra Nath and Matiul Haque Chowdhury and M.M. Mostafa Jamal Chowdhury
_93444
856 _k0
_l0
_yDownload
942 _2ddc
_cBK
999 _c6355
_d6355